Type-ins for Jet Punk Countries of the World Quiz - Statistics

General Stats
  • This quiz has been taken 59 times
  • The average score is 7 of 41
Answer Stats
Hint Answer % Correct
Abbreviation USA
65%
Abbreviation DRC
53%
Abbreviation UAE
41%
Abbreviation ROC
37%
Article added to name The Gambia
37%
Abbreviation DPRK
29%
Abbreviation FSM
29%
Abbreviation PRC
29%
Alternate name Burma
27%
Version of name with word(s) missing St. Kitts
25%
Version of name with word(s) missing Macedonia
24%
Abbreviation ROK
24%
Abbreviation with article added to name The USA
22%
Version of name with word(s) missing St. Lucia
20%
Abbreviation with article added to name The UK
20%
Version of name with word(s) missing Antigua
16%
Version of name with word(s) missing Micronesia
16%
Alternate name Swaziland
16%
Alternate name Holland
14%
Alternate name Ceylon
12%
Alternate name Czechia
12%
Abbreviation of alternate name FYROM
12%
Article added to name The Ukraine
12%
Version of name with word(s) missing Bosnia
10%
Article added to name The Philippines
10%
Article added to name The Congo
8%
Abbreviation with article added to name The UAE
8%
Article added to name The United States
8%
Article added to name The Vatican
8%
Longer, official name with added article Democratic Republic of Congo
6%
Article added to name The Marshall Islands
6%
Article added to name The United Kingdom
6%
Article added to name The Comoros
4%
Abbreviation with article added to name The DRC
4%
Article added to name The Federated States of Micronesia
4%
Version of name with word(s) missing Barbuda
2%
Version of name with word(s) missing New Guinea
2%
Longer, official name with added article The Democratic Republic of Congo
2%
Article added to name The Dominican Republic
2%
Article added to name The United Arab Emirates
2%
Article added to name The Czech Republic
0%
No matching quizzes found
Score Distribution
Percent of People with Each Score
Percentile by Number Answered
Your Score History
You have not taken this quiz